La eneseñanza y el dominio del español en la relación con la empleabilidad

Výučba španielčiny na Ekonomickej univerzite v Bratislave vo vzťahu k pracovným príležitostiam súvisiacim so španielskym jazykom. Dopyt na slovenskom trhu práce a skúmanie, či výučba španielčiny a vedomosti absolventov zodpovedajú tomuto dopytu.

Gespeichert in:
Bibliographische Detailangaben
1. Verfasser: Spišiaková, Mária, 1973-
Weitere Verfasser: Kittová, Zuzana, 1975-
Format: Buchkapitel
Sprache:Spanisch
Schlagworte:
Tags: Tag hinzufügen
Keine Tags, Fügen Sie das erste Tag hinzu!

MARC

LEADER 00000naa a2200000 4500
001 0272148
005 20240502083829.2
041 0 |a spa 
044 |a RO 
245 1 0 |a La eneseñanza y el dominio del español en la relación con la empleabilidad  |c Mária Spišiaková, Zuzana Kittová 
520 |a Výučba španielčiny na Ekonomickej univerzite v Bratislave vo vzťahu k pracovným príležitostiam súvisiacim so španielskym jazykom. Dopyt na slovenskom trhu práce a skúmanie, či výučba španielčiny a vedomosti absolventov zodpovedajú tomuto dopytu. 
610 2 0 |a španielčina 
610 2 0 |a vyučovanie 
610 2 0 |a vzdelávanie 
610 2 0 |a zamestnateľnosť 
610 2 0 |a študenti 
100 1 |a Spišiaková, Mária, 1973- 
700 1 |a Kittová, Zuzana, 1975-